LEADER 00972nam2-2200337---450- 001 990009313350403321 005 20110201154124.0 010 $a978-1-84821-122-3 035 $a000931335 035 $aFED01000931335 035 $a(Aleph)000931335FED01 035 $a000931335 100 $a20110131d2009----km-y0itay50------ba 101 0 $aeng 102 $aUS 105 $a--------001yy 200 1 $aSinusoidal Vibration$fChristian Lalanne 205 $a2nd ed. 210 $aHoboken N. J.$cJohn Wiley & Sons Inc.$aLondon$cISTE$d2009 215 $aXXI, 369, [ 31] p.$cIll.$d24 cm 461 0$1001000931332$12001$aMechanical vibration and shock analysis$v01 610 0 $aVibrazioni$aMeccanica 676 $a624.1 700 1$aLalanne,$bChristian$0510072 801 0$aIT$bUNINA$gRICA$2UNIMARC 901 $aBK 912 $a990009313350403321 952 $a13 15 09$b17145$fFINBC 959 $aFINBC 996 $aSinusoidal Vibration$9771701 997 $aUNINA LEADER 00961cam0-22003251i-450- 001 990004048340403321 005 20090608120333.0 010 $a88-7689-013-0 035 $a000404834 035 $aFED01000404834 035 $a(Aleph)000404834FED01 035 $a000404834 100 $a19990604d1987----km-y0itay50------ba 101 0 $aeng 102 $aIT 105 $aaf------001yy 200 1 $a<>cult of images of imperial Rome$fCornelius Vermeule 210 $aRoma$cBretschneider$d1987 215 $a91 p., [22] c. di tav.$cill.$d25 cm 225 1 $aArchaeologica$x0391-9293$v71 610 0 $aImpero romano$aMedaglie$aBronzi$aSculture 676 $a704.94 700 1$aVermeule,$bCornelius Clarkson$f<1925- >$0208001 801 0$aIT$bUNINA$gRICA$2UNIMARC 901 $aBK 912 $a990004048340403321 952 $a704.94 VER 1$bBIBL.1299$fFLFBC 959 $aFLFBC 996 $aCult of images of imperial Rome$9469003 997 $aUNINA LEADER 00960nam0-2200313---450- 001 990008623480403321 005 20080222124404.0 010 $a3-515-08208-5 035 $a000862348 035 $aFED01000862348 035 $a(Aleph)000862348FED01 035 $a000862348 100 $a20080222d2003----km-y0itay50------ba 101 0 $ager 102 $aDE 105 $ay---n-----00yy 200 1 $a<>Beendigung des Sklavenstatus im Altertum$eein Beitrag zur vergleichenden Sozialgeschichte$fvon Ingomar Weiler 210 $aStuttgart$cSteiner$d2003 215 $aVIII, 356 p.$d24 cm 225 1 $aForschungen zur antiken Sklaverei$v36. 676 $a306.3620938$v19$zita 700 1$aWeiler,$bIngomar$0205245 801 0$aIT$bUNINA$gRICA$2UNIMARC 901 $aBK 912 $a990008623480403321 952 $aDirez. W-028$b9638 ddr$fDDR$m21-11767 959 $aDDR 996 $aBeendigung des Sklavenstatus im Altertum$9714330 997 $aUNINA